Pierwiastki na literę K - Statystyki

Ogólne statystyki
  • Ten quiz został rozwiązany 375 razy
  • Średni wynik to 5 z 8
Statystyki odpowiedzi
Pierwiastek % Poprawnych
Krzem
75%
Kobalt
68%
Kadm
64%
Krypton
62%
Ksenon
57%
Kopernik
55%
Kiur
48%
Kaliforn
47%
Nie znaleziono quizów pasujących do podanych kryteriów
Rozkład punktacji
Procent ludzi z każdym wynikiem
Percentyl według liczby udzielonych odpowiedzi
Twoja historia wyników
Nie rozwiązałeś tego quizu